Mind forg'd manacles : evil in the poetry of Blake and Shelley /

Bibliographic Details
Main Author: Bandy, Melanie, 1932-
Format: Book
Language:English
Published: University, Ala. : University of Alabama Press, [1981]
Subjects:

MARC

Tag First Indicator Second Indicator Subfields
LEADER 00000pam a2200000 a 4500
001 in00000075950
005 20151008054922.0
008 800618s1981 alu b 00110 engm
010 |a  80018779  
020 |a 0817300465 
035 |a (OCoLC)06487540 
035 |9 AAJ2055AM 
040 |a DLC  |c DLC  |d m.c.  |d TXA  |d UtOrBLW 
043 |a e-uk--- 
049 |a TXAM  |c [1361548] 
050 0 0 |a PR590  |b .B26 
082 0 |a 821/.709 
100 1 |a Bandy, Melanie,  |d 1932- 
245 1 0 |a Mind forg'd manacles :  |b evil in the poetry of Blake and Shelley /  |c Melanie Bandy. 
264 1 |a University, Ala. :  |b University of Alabama Press,  |c [1981] 
264 4 |c ©1981 
300 |a x, 210 pages ;  |c 24 cm. 
336 |a text  |b txt  |2 rdacontent 
337 |a unmediated  |b n  |2 rdamedia 
338 |a volume  |b nc  |2 rdacarrier 
500 |a Includes index. 
504 |a Bibliography: pages [194]-201. 
600 1 0 |a Blake, William,  |d 1757-1827  |x Ethics. 
600 1 0 |a Blake, William,  |d 1757-1827  |x Religion. 
600 1 0 |a Shelley, Percy Bysshe,  |d 1792-1822  |x Ethics. 
600 1 0 |a Shelley, Percy Bysshe,  |d 1792-1822  |x Religion. 
650 0 |a English poetry  |y 19th century  |x History and criticism. 
650 0 |a Good and evil in literature. 
999 |a MARS 
999 f f |s a48d9c80-0ea9-38cb-81ee-53aceffa6c81  |i 8085a567-4ade-3886-931d-e695b8792fe5  |t 0 
952 f f |p normal  |a Texas A&M University  |b College Station  |c Sterling C. Evans Library  |d Evans: Library Stacks  |t 0  |e PR590 .B26  |h Library of Congress classification  |i unmediated -- volume  |m A14806182920 
998 f f |a PR590 .B26  |t 0  |l Evans: Library Stacks